[Event "Madrid ch 2015"]
[Site "Madrid ESP"]
[Date "2015.05.27"]
[Round "1.2"]
[White "Plazuelo Pascual, Juan"]
[Black "Ortega Ruiz, Jose Miguel"]
[Result "0-1"]
[WhiteElo "2262"]
[BlackElo "2285"]
[PlyCount "76"]
[EventDate "2015.05.27"]
[EventType "k.o."]
[EventRounds "5"]
[EventCountry "ESP"]
[Source "lmi"]
[SourceDate "2015.05.27"]

1. e4 d5 2. exd5 Qxd5 3. Nc3 Qd8 4. d4 Nf6 5. Nf3 Bg4 6. Be2 e6 7. Be3 Bb4 8.
O-O Bxc3 9. bxc3 Nbd7 10. c4 O-O 11. c5 Qe7 12. h3 Bf5 13. Bf4 Nd5 14. Bh2 b6
15. cxb6 axb6 16. c4 Nc3 17. Qd2 Ra3 18. Rfc1 Ne4 19. Qb2 Ra7 20. d5 Ndc5 21.
Ne5 Qh4 22. Qd4 exd5 23. cxd5 Qg5 24. f4 Qh4 25. Nf3 Qh6 26. Qe5 Nd6 27. Nd4
Be4 28. Nc6 Ra3 29. Qg5 Rfa8 30. Rd1 Nb3 31. axb3 Rxa1 32. Qe5 Rxd1+ 33. Bxd1
Re8 34. Qc3 Qg6 35. Qd2 f6 36. Bg4 f5 37. Ne5 Qh6 38. Be2 Rxe5 0-1

[Event "Madrid ch 2015"]
[Site "Madrid ESP"]
[Date "2015.05.27"]
[Round "1.4"]
[White "Candela Perez, Jose"]
[Black "Perez de Aranda, Leonardo"]
[Result "1-0"]
[WhiteElo "2089"]
[BlackElo "2432"]
[PlyCount "81"]
[EventDate "2015.05.27"]
[EventType "k.o."]
[EventRounds "5"]
[EventCountry "ESP"]
[Source "lmi"]
[SourceDate "2015.05.27"]

1. d4 d5 2. c4 dxc4 3. e4 e5 4. Nf3 exd4 5. Bxc4 Nc6 6. O-O Be6 7. Bxe6 fxe6 8.
Qb3 Qd7 9. Qxb7 Rb8 10. Qa6 Nf6 11. Nbd2 Bb4 12. Qd3 Bxd2 13. Nxd2 O-O 14. b3
Ng4 15. Ba3 Rf6 16. Nc4 Nge5 17. Nxe5 Nxe5 18. Qg3 Qb5 19. f4 Rg6 20. Qf2 Ng4
21. Qxd4 Qe2 22. Rfe1 Qc2 23. Rad1 Ne5 24. Qf2 Qxf2+ 25. Kxf2 Ng4+ 26. Kg1 e5
27. h3 Ra6 28. Bc1 Nh6 29. Re2 Nf7 30. Rd7 Rc6 31. Be3 a5 32. fxe5 a4 33. bxa4
Nxe5 34. Rd5 Nc4 35. Bd4 Nd6 36. a5 Ra6 37. Rc5 Rb1+ 38. Kh2 Nb5 39. Bb2 Rxa5
40. a4 Nc3 41. Rxc3 1-0

[Event "Madrid ch 2015"]
[Site "Madrid ESP"]
[Date "2015.05.27"]
[Round "1.5"]
[White "Tejedor Ariza, Francisco"]
[Black "Rubio Mejia, Luis Ignacio"]
[Result "1/2-1/2"]
[WhiteElo "2077"]
[BlackElo "2458"]
[PlyCount "82"]
[EventDate "2015.05.27"]
[EventType "k.o."]
[EventRounds "5"]
[EventCountry "ESP"]
[Source "lmi"]
[SourceDate "2015.05.27"]

1. e4 c5 2. Nf3 e6 3. d4 cxd4 4. Nxd4 Nc6 5. Nc3 Qc7 6. Be3 a6 7. Nxc6 bxc6 8.
Bd3 Nf6 9. f4 d5 10. e5 Nd7 11. O-O c5 12. Na4 Bb7 13. c3 Be7 14. b3 g6 15. Be2
O-O 16. Bf3 Rfd8 17. Qc2 c4 18. Qf2 cxb3 19. axb3 Rdc8 20. Rfc1 Bc6 21. c4 Qb7
22. cxd5 Bxd5 23. Bxd5 Rxc1+ 24. Rxc1 Qxd5 25. Qf3 Qxf3 26. gxf3 Bb4 27. Rd1
Nf8 28. Bc5 Bxc5+ 29. Nxc5 Rb8 30. Kf2 Kg7 31. Rd3 a5 32. Ke3 h6 33. h4 Rb5 34.
Ne4 Nh7 35. Nd6 Rb4 36. Ne4 a4 37. bxa4 Rxa4 38. Rd7 Ra8 39. Kf2 Nf8 40. Re7
Nh7 41. Nd6 Rf8 1/2-1/2

[Event "Madrid ch 2015"]
[Site "Madrid ESP"]
[Date "2015.05.27"]
[Round "1.6"]
[White "Veganzones Rojo, David"]
[Black "Martin Duque, Jesus"]
[Result "0-1"]
[WhiteElo "2136"]
[BlackElo "2394"]
[PlyCount "100"]
[EventDate "2015.05.27"]
[EventType "k.o."]
[EventRounds "5"]
[EventCountry "ESP"]
[Source "lmi"]
[SourceDate "2015.05.27"]

1. d4 Nf6 2. c4 c5 3. d5 b5 4. cxb5 a6 5. bxa6 g6 6. Nc3 Bxa6 7. g3 d6 8. Bg2
Bg7 9. Nf3 O-O 10. O-O Nbd7 11. Rb1 Qa5 12. Bd2 Rfb8 13. Qc2 Qc7 14. b3 Nb6 15.
Nh4 Bb7 16. e4 Ba6 17. Rfe1 Ng4 18. Red1 c4 19. b4 Ne5 20. Nf3 Nd3 21. Be3 Bxc3
22. Qxc3 Na4 23. Qc2 Qd7 24. a3 Bb5 25. Nd4 Nab2 26. Rxb2 Ba4 27. Qc3 Nxb2 28.
Ra1 Nd1 29. Rxd1 Bxd1 30. Ne6 f6 31. Bh3 Qa4 32. Nd4 Qxa3 33. Be6+ Kh8 34. Qxc4
Qxb4 35. Qc7 Rb7 36. Qc6 Ba4 37. Qc1 Qb1 38. Qxb1 Rxb1+ 39. Kg2 h5 40. h4 Bb5
41. Kf3 Kg7 42. Kf4 Rb4 43. Kf3 Be8 44. Bh3 Raa4 45. Ne6+ Kg8 46. Bf1 Rxe4 47.
Nc7 Bf7 48. Bb5 Rab4 49. Bd2 Rxb5 50. Kxe4 Rc5 0-1

[Event "Madrid ch 2015"]
[Site "Madrid ESP"]
[Date "2015.05.27"]
[Round "1.7"]
[White "Elissalt Cárdenas, Hector"]
[Black "Pastor Alonso de Prado, Emilio Alberto"]
[Result "1-0"]
[WhiteElo "2337"]
[BlackElo "2184"]
[PlyCount "85"]
[EventDate "2015.05.27"]
[EventType "k.o."]
[EventRounds "5"]
[EventCountry "ESP"]
[Source "lmi"]
[SourceDate "2015.05.27"]

1. Nf3 d5 2. b3 Nf6 3. Bb2 e6 4. g3 Be7 5. Bg2 O-O 6. c4 b6 7. O-O Bb7 8. d3 c5
9. Nbd2 Nbd7 10. Qc2 Qc7 11. e4 dxe4 12. dxe4 e5 13. Rfe1 Rfe8 14. Nb1 Bd6 15.
Nc3 a6 16. a4 Nb8 17. Nd5 Qd8 18. Rad1 Nc6 19. Nxb6 Qxb6 20. Rxd6 Qc7 21. Rdd1
Rab8 22. Bc3 Bc8 23. h3 Nd7 24. Nd2 Nf8 25. Nf1 Ne6 26. Rb1 Ned4 27. Qd1 Rb7
28. Ne3 Qb8 29. Nd5 Nxb3 30. Re2 Nba5 31. Rxb7 Nxb7 32. Rb2 a5 33. Rb6 Nb4 34.
f4 exf4 35. Bxb4 cxb4 36. gxf4 Qa7 37. Qd4 Nd8 38. Kh1 Bd7 39. f5 Nc6 40. Qc5
Ne5 41. f6 Bxa4 42. Ne7+ Kh8 43. Qxe5 1-0

[Event "Madrid ch 2015"]
[Site "Madrid ESP"]
[Date "2015.05.27"]
[Round "1.8"]
[White "Mazo Fernandez, Roberto"]
[Black "Moreno Ruiz, Javier"]
[Result "0-1"]
[WhiteElo "2024"]
[BlackElo "2463"]
[PlyCount "50"]
[EventDate "2015.05.27"]
[EventType "k.o."]
[EventRounds "5"]
[EventCountry "ESP"]
[Source "lmi"]
[SourceDate "2015.05.27"]

1. d4 Nf6 2. c4 e6 3. Nc3 Bb4 4. e3 b6 5. Bd3 Bb7 6. Nf3 Ne4 7. Qc2 f5 8. O-O
Bxc3 9. bxc3 O-O 10. Nd2 Qh4 11. g3 Ng5 12. f3 Qh5 13. Qd1 d6 14. Ba3 Nd7 15.
Qe2 Rae8 16. Qg2 e5 17. d5 f4 18. g4 Qh4 19. e4 Nh3+ 20. Kh1 Nf6 21. Be2 Bc8
22. Rfe1 h5 23. gxh5 Nxh5 24. Bf1 Ng3+ 25. hxg3 fxg3 0-1

[Event "Madrid ch 2015"]
[Site "Madrid ESP"]
[Date "2015.05.28"]
[Round "2.1"]
[White "Garcia-Ruiz Fuentes, Aitor"]
[Black "Arribas Lopez, Angel"]
[Result "1/2-1/2"]
[WhiteElo "2020"]
[BlackElo "2534"]
[PlyCount "136"]
[EventDate "2015.05.27"]
[EventType "k.o."]
[EventRounds "5"]
[EventCountry "ESP"]
[Source "lmi"]
[SourceDate "2015.05.27"]

1. d4 f5 2. c4 Nf6 3. Nc3 d6 4. Bg5 Nbd7 5. d5 h6 6. Bf4 e5 7. dxe6 Nc5 8. Nf3
Nxe6 9. Be3 Ng4 10. Bc1 c6 11. e3 g6 12. Be2 Bg7 13. O-O O-O 14. h3 Ne5 15. Nd4
Qh4 16. Nxe6 Bxe6 17. Qxd6 Rae8 18. Qb4 b5 19. b3 bxc4 20. bxc4 Nxc4 21. g3 Qe7
22. Qxe7 Rxe7 23. Bxc4 Bxc4 24. Ba3 Bxc3 25. Bxe7 Bxa1 26. Rxa1 Rb8 27. Bc5 a6
28. Bd4 Kf7 29. Rc1 Bxa2 30. Rxc6 Rb1+ 31. Kh2 Bd5 32. Rf6+ Ke7 33. g4 Rh1+ 34.
Kg3 Rg1+ 35. Kf4 fxg4 36. Rxg6 gxh3 37. Rxg1 h2 38. Rc1 h1=Q 39. Rxh1 Bxh1 40.
f3 h5 41. e4 a5 42. e5 a4 43. Bb2 Ke6 44. Ba3 Kf7 45. Kg3 Ke6 46. Kf4 Bg2 47.
Kg3 Bh1 48. Kf4 Kf7 49. Kg3 Kg6 50. Kf4 Bg2 51. e6 Bf1 52. e7 Bb5 53. Kg3 Kf5
54. f4 Ke4 55. Kh4 Be8 56. Kg5 Kd5 57. f5 Kc4 58. Kf6 h4 59. Bd6 h3 60. Ke6 a3
61. f6 a2 62. f7 Bxf7+ 63. Kxf7 a1=Q 64. e8=Q Qf1+ 65. Ke7 Qe2+ 66. Kd7 Qg2 67.
Qe6+ Kd3 68. Qb3+ Ke4 1/2-1/2

[Event "Madrid ch 2015"]
[Site "Madrid ESP"]
[Date "2015.05.28"]
[Round "2.4"]
[White "Perez de Aranda, Leonardo"]
[Black "Candela Perez, Jose"]
[Result "1/2-1/2"]
[WhiteElo "2089"]
[BlackElo "2432"]
[PlyCount "41"]
[EventDate "2015.05.27"]
[EventType "k.o."]
[EventRounds "5"]
[EventCountry "ESP"]
[Source "lmi"]
[SourceDate "2015.05.27"]

1. e4 c5 2. Nf3 d6 3. d4 cxd4 4. Qxd4 Nc6 5. Bb5 Bd7 6. Bxc6 Bxc6 7. Nc3 Nf6 8.
Bg5 e6 9. O-O-O Be7 10. Rhe1 Qa5 11. Nd5 e5 12. Nxe5 dxe5 13. Qxe5 Bxd5 14.
exd5 O-O 15. Qxe7 Rae8 16. Bxf6 Rxe7 17. Bxe7 Rc8 18. Kb1 Qc7 19. d6 Qd7 20.
Bh4 f6 21. Bg3 1/2-1/2

[Event "Madrid ch 2015"]
[Site "Madrid ESP"]
[Date "2015.05.28"]
[Round "2.5"]
[White "Rubio Mejia, Luis Ignacio"]
[Black "Tejedor Ariza, Francisco"]
[Result "1-0"]
[WhiteElo "2458"]
[BlackElo "2077"]
[PlyCount "107"]
[EventDate "2015.05.27"]
[EventType "k.o."]
[EventRounds "5"]
[EventCountry "ESP"]
[Source "lmi"]
[SourceDate "2015.05.27"]

1. d4 e6 2. c4 Bb4+ 3. Nc3 Nf6 4. e3 b6 5. Nge2 O-O 6. a3 Bxc3+ 7. Nxc3 Bb7 8.
Bd3 d5 9. O-O dxc4 10. Bxc4 Nbd7 11. Qe2 Nd5 12. e4 Nxc3 13. bxc3 Qh4 14. f3 c5
15. a4 Rfd8 16. Be3 Rac8 17. a5 cxd4 18. cxd4 a6 19. axb6 Nxb6 20. Bxa6 Bxa6
21. Qxa6 Nd7 22. Rfc1 Rxc1+ 23. Rxc1 Nf8 24. Qb7 Qf6 25. Qc7 Re8 26. Qf4 Qd8
27. Rc7 Re7 28. Rxe7 Qxe7 29. Bf2 h6 30. g3 Qd8 31. Kg2 Ng6 32. Qe3 Kh7 33. h4
Qa5 34. Qe1 Qb5 35. Qc3 h5 36. Qc5 Qd7 37. Qxh5+ Kg8 38. Qg5 Nf8 39. d5 exd5
40. Qxd5 Qe8 41. h5 Ne6 42. f4 Nc7 43. Qb7 Ne6 44. e5 Nd8 45. Qa8 Kh7 46. Bb6
Qc6+ 47. Qxc6 Nxc6 48. Kf3 Kh6 49. g4 Kh7 50. Ke4 Ne7 51. Bc5 Ng8 52. f5 g6 53.
hxg6+ fxg6 54. Bf8 1-0

[Event "Madrid ch 2015"]
[Site "Madrid ESP"]
[Date "2015.05.28"]
[Round "2.6"]
[White "Martin Duque, Jesus"]
[Black "Veganzones Rojo, David"]
[Result "0-1"]
[WhiteElo "2394"]
[BlackElo "2136"]
[PlyCount "80"]
[EventDate "2015.05.27"]
[EventType "k.o."]
[EventRounds "5"]
[EventCountry "ESP"]
[Source "lmi"]
[SourceDate "2015.05.27"]

1. e4 c6 2. d4 d5 3. Nd2 dxe4 4. Nxe4 Nd7 5. Ng5 Ngf6 6. Bd3 e6 7. Qe2 Bd6 8.
N1f3 h6 9. Ne4 Nxe4 10. Qxe4 Qc7 11. Qg4 Kf8 12. O-O b6 13. b3 Nf6 14. Qh4 Nd5
15. Ne5 c5 16. Ba3 Bb7 17. dxc5 bxc5 18. Nc4 g5 19. Qg4 Bxh2+ 20. Kh1 Bf4 21.
Bb2 h5 22. Qe2 Rh6 23. Ne5 h4 24. Ng4 h3 25. f3 hxg2+ 26. Kxg2 Ne3+ 27. Qxe3
Bxe3 28. Nxh6 Qf4 29. Be4 Bxe4 30. fxe4 Qxe4+ 31. Kh3 Qh4+ 32. Kg2 Qxh6 33. Rh1
Qg6 34. Kf3 Qxc2 35. Rh8+ Ke7 36. Rxa8 Qf2+ 37. Ke4 f5+ 38. Kd3 Qd2+ 39. Kc4
Qxb2 40. Rxa7+ Kf6 0-1

[Event "Madrid ch 2015"]
[Site "Madrid ESP"]
[Date "2015.05.28"]
[Round "2.7"]
[White "Pastor Alonso de Prado, Emilio Alberto"]
[Black "Elissalt Cárdenas, Hector"]
[Result "0-1"]
[WhiteElo "2184"]
[BlackElo "2337"]
[PlyCount "50"]
[EventDate "2015.05.27"]
[EventType "k.o."]
[EventRounds "5"]
[EventCountry "ESP"]
[Source "lmi"]
[SourceDate "2015.05.27"]

1. e4 d6 2. d4 Nf6 3. Nc3 e5 4. Nf3 Nbd7 5. Bc4 Be7 6. O-O O-O 7. Re1 c6 8. a4
b6 9. Bg5 Bb7 10. Bxf6 Bxf6 11. d5 c5 12. Bb5 Nb8 13. Bf1 a6 14. g3 Bg5 15. Bh3
Bh6 16. Ra3 Bc8 17. Bxc8 Qxc8 18. Nh4 g6 19. Ng2 Nd7 20. f4 exf4 21. gxf4 Bg7
22. e5 dxe5 23. d6 c4 24. Ne4 Qc6 25. Ne3 Qxe4 0-1

[Event "Madrid ch 2015"]
[Site "Madrid ESP"]
[Date "2015.05.28"]
[Round "2.8"]
[White "Moreno Ruiz, Javier"]
[Black "Mazo Fernandez, Roberto"]
[Result "1-0"]
[WhiteElo "2463"]
[BlackElo "2024"]
[PlyCount "57"]
[EventDate "2015.05.27"]
[EventType "k.o."]
[EventRounds "5"]
[EventCountry "ESP"]
[Source "lmi"]
[SourceDate "2015.05.27"]

1. d4 Nf6 2. c4 e6 3. Nc3 Bb4 4. f3 d5 5. a3 Bxc3+ 6. bxc3 O-O 7. cxd5 exd5 8.
e3 b6 9. Bd3 c5 10. Ne2 Re8 11. O-O Nc6 12. Ng3 Bb7 13. Ra2 Rc8 14. Re2 cxd4
15. cxd4 Na5 16. Nf5 g6 17. Ng3 Nc4 18. Qe1 Qd7 19. Qf2 b5 20. h3 Qd6 21. e4
Nd7 22. e5 Qb6 23. f4 Rc7 24. f5 Nf8 25. Bh6 Nxa3 26. e6 fxe6 27. fxg6 Nxg6 28.
Nh5 Ree7 29. Qf8+ 1-0

[Event "Madrid ch 2015"]
[Site "Madrid ESP"]
[Date "2015.05.29"]
[Round "3.6"]
[White "Veganzones Rojo, David"]
[Black "Martin Duque, Jesus"]
[Result "0-1"]
[WhiteElo "2136"]
[BlackElo "2394"]
[PlyCount "102"]
[EventDate "2015.05.27"]
[EventType "k.o."]
[EventRounds "5"]
[EventCountry "ESP"]
[Source "lmi"]
[SourceDate "2015.05.27"]

1. d4 Nf6 2. c4 c6 3. Nf3 d5 4. e3 Bf5 5. Nc3 e6 6. Nh4 Bg6 7. Be2 Nbd7 8. O-O
Bd6 9. g3 Ne4 10. Qb3 Qc7 11. Nxe4 Bxe4 12. f3 Bg6 13. Bd2 Bh5 14. Ng2 Nf6 15.
cxd5 exd5 16. Nf4 Bg6 17. Rac1 a5 18. Bd3 O-O 19. Nxg6 hxg6 20. Kg2 Rfe8 21.
Rfe1 Nh5 22. f4 Nf6 23. Re2 Re7 24. Kf3 Qd7 25. Kg2 Qg4 26. Rf2 Qd7 27. Qb6 Ng4
28. Re2 Rae8 29. Rce1 Bb4 30. Bxb4 axb4 31. Qxb4 Rxe3 32. Rxe3 Rxe3 33. Rxe3
Nxe3+ 34. Kf3 Ng4 35. h3 Nf6 36. g4 b5 37. Qe1 Qa7 38. Qc3 Qxa2 39. g5 Ne4 40.
Bxe4 dxe4+ 41. Kxe4 Qd5+ 42. Ke3 Qg2 43. h4 Kh7 44. Qc5 Qxb2 45. Qxc6 b4 46. d5
Qa3+ 47. Kd4 b3 48. d6 Qb4+ 49. Ke5 b2 50. d7 b1=Q 51. d8=Q Qf5# 0-1

[Event "Madrid ch 2015"]
[Site "Madrid ESP"]
[Date "2015.05.29"]
[Round "4.6"]
[White "Martin Duque, Jesus"]
[Black "Veganzones Rojo, David"]
[Result "1-0"]
[WhiteElo "2394"]
[BlackElo "2136"]
[PlyCount "73"]
[EventDate "2015.05.27"]
[EventType "k.o."]
[EventRounds "5"]
[EventCountry "ESP"]
[Source "lmi"]
[SourceDate "2015.05.27"]

1. e4 c6 2. Nc3 d5 3. Nf3 Bg4 4. h3 Bxf3 5. Qxf3 Nf6 6. d4 dxe4 7. Qe3 Nbd7 8.
Nxe4 Nxe4 9. Qxe4 Nf6 10. Qd3 e6 11. Be2 Bd6 12. O-O O-O 13. c4 h6 14. Be3 Bc7
15. g3 Qe7 16. Bf3 Rfd8 17. Qc2 Bb6 18. Rad1 Rd7 19. Qc3 Rad8 20. Kg2 Rc8 21.
b4 Qd8 22. a4 a6 23. Qb2 Ba7 24. a5 Qe7 25. Rd2 Rcd8 26. Rfd1 Bb8 27. Qb3 Bd6
28. Rb2 Bc7 29. Rbd2 e5 30. dxe5 Bxe5 31. b5 Rxd2 32. Rxd2 Rxd2 33. Bxd2 cxb5
34. cxb5 Qd7 35. bxa6 Qxd2 36. a7 Qxa5 37. Qxb7 1-0

[Event "Madrid ch 2015"]
[Site "Madrid ESP"]
[Date "2015.06.01"]
[Round "5.1"]
[White "Ortega Ruiz, Jose Miguel"]
[Black "Garcia-Ruiz Fuentes, Aitor"]
[Result "1-0"]
[WhiteElo "2285"]
[BlackElo "2020"]
[PlyCount "146"]
[EventDate "2015.05.27"]
[EventType "k.o."]
[EventRounds "5"]
[EventCountry "ESP"]
[Source "lmi"]
[SourceDate "2015.05.27"]

1. d4 Nf6 2. c4 g6 3. Nc3 Bg7 4. e4 d6 5. Nf3 O-O 6. Be2 e5 7. dxe5 dxe5 8.
Qxd8 Rxd8 9. Bg5 Re8 10. O-O-O Na6 11. Ne1 Nc5 12. f3 c6 13. Nc2 a5 14. Be3 Bf8
15. Rd2 a4 16. g4 Be6 17. h4 h5 18. g5 Nfd7 19. Bf2 Nb6 20. Ne3 Red8 21. Bg3
Rxd2 22. Kxd2 Bd6 23. Kc2 Bc8 24. Rd1 Bc7 25. Kb1 Ne6 26. Nc2 Nf4 27. Bf1 Be6
28. Na3 Nd7 29. Bf2 Bb6 30. Bxb6 Nxb6 31. Kc2 Kf8 32. Ncb1 Ke7 33. Kc3 Nd7 34.
Kb4 b6 35. Kc3 Nc5 36. Nc2 Bd7 37. Kd2 Nce6 38. Nb4 f6 39. gxf6+ Kxf6 40. Ke3
Ke7 41. Rd2 g5 42. hxg5 Nxg5 43. Rh2 Rf8 44. Nd2 Be8 45. a3 Nge6 46. Nc2 Bf7
47. Nb1 Nc5 48. Nb4 Be8 49. Bh3 Nxh3 50. Rxh3 Ne6 51. Nd2 Nf4 52. Rh2 h4 53.
Nd3 Ke6 54. c5 b5 55. Nxf4+ Rxf4 56. Rh3 Bd7 57. Nf1 Kf6 58. Rh2 Kg5 59. Rd2
Rf7 60. Rg2+ Kh5 61. Rg8 h3 62. Kf2 Rh7 63. Kg3 Be6 64. Re8 Rg7+ 65. Kh2 Rg2+
66. Kh1 Rg6 67. Ne3 Rf6 68. Nc2 Kh4 69. Kh2 Rg6 70. Ne3 Rf6 71. Rh8+ Kg5 72.
Kg3 Rg6 73. Ng4 Rg8 1-0

[Event "Madrid ch 2015"]
[Site "Madrid ESP"]
[Date "2015.06.01"]
[Round "5.3"]
[White "Martin Duque, Jesus"]
[Black "Rubio Mejia, Luis Ignacio"]
[Result "1-0"]
[WhiteElo "2394"]
[BlackElo "2458"]
[PlyCount "109"]
[EventDate "2015.05.27"]
[EventType "k.o."]
[EventRounds "5"]
[EventCountry "ESP"]
[Source "lmi"]
[SourceDate "2015.05.27"]

1. e4 c5 2. Nf3 d6 3. Bb5+ Nc6 4. O-O Bd7 5. c3 Nf6 6. Re1 a6 7. Bf1 Bg4 8. h3
Bxf3 9. Qxf3 g6 10. d3 Bg7 11. Nd2 O-O 12. Qd1 Nd7 13. Nf3 e5 14. Be3 Qe7 15.
a3 Rfd8 16. g3 b5 17. a4 bxa4 18. Qxa4 Rdc8 19. h4 Nb6 20. Qa2 a5 21. Bh3 Rf8
22. h5 Kh8 23. Kg2 Bf6 24. hxg6 hxg6 25. Rh1 Kg7 26. Qb3 Rab8 27. Bg4 Rh8 28.
Rxh8 Kxh8 29. Rh1+ Kg7 30. Bh6+ Kg8 31. Qb5 Qc7 32. Ng5 Nd7 33. Qc4 Bxg5 34.
Bxg5 Nf8 35. Bf6 Nh7 36. Rxh7 Kxh7 37. d4 Rg8 38. dxc5 Rg7 39. cxd6 Qxd6 40.
Bxg7 Kxg7 41. Qd5 Qc7 42. Qc5 Qb7 43. b3 Kg8 44. Be2 Nd8 45. Qd5 Qc7 46. Bg4
Kg7 47. Qd7 Qb6 48. b4 axb4 49. cxb4 Nb7 50. b5 Nd6 51. Qc6 Qd4 52. Bf3 Nc4 53.
Qd5 Qxd5 54. exd5 Kf6 55. d6 1-0

[Event "Madrid ch 2015"]
[Site "Madrid ESP"]
[Date "2015.06.01"]
[Round "5.4"]
[White "Elissalt Cárdenas, Hector"]
[Black "Moreno Ruiz, Javier"]
[Result "1/2-1/2"]
[WhiteElo "2337"]
[BlackElo "2463"]
[PlyCount "83"]
[EventDate "2015.05.27"]
[EventType "k.o."]
[EventRounds "5"]
[EventCountry "ESP"]
[Source "lmi"]
[SourceDate "2015.05.27"]

1. Nf3 c5 2. b3 Nc6 3. Bb2 d6 4. e3 e5 5. d4 cxd4 6. exd4 e4 7. Nfd2 d5 8. Bb5
Qg5 9. g3 Nf6 10. Nf1 Bg4 11. Be2 Bb4+ 12. Nbd2 h5 13. c3 Bd6 14. Ne3 Bxe2 15.
Qxe2 h4 16. O-O-O O-O-O 17. Kb1 Bc7 18. Bc1 Kb8 19. Rdg1 hxg3 20. hxg3 Qg6 21.
Qd1 Ne7 22. Rxh8 Rxh8 23. Rh1 Rc8 24. Bb2 Nf5 25. Ndf1 Bb6 26. Qe2 a6 27. Nxf5
Qxf5 28. Ne3 Qd7 29. c4 Bc7 30. c5 g6 31. a4 Nh5 32. Qc2 f5 33. b4 f4 34. gxf4
Nxf4 35. Qb3 b5 36. cxb6 Bxb6 37. Rh4 g5 38. Rh6 Rc6 39. Rh8+ Rc8 40. Rh6 Rc6
41. Rh8+ Rc8 42. Rh6 1/2-1/2

[Event "Madrid ch 2015"]
[Site "Madrid ESP"]
[Date "2015.06.02"]
[Round "6.1"]
[White "Garcia-Ruiz Fuentes, Aitor"]
[Black "Ortega Ruiz, Jose Miguel"]
[Result "0-1"]
[WhiteElo "2020"]
[BlackElo "2285"]
[PlyCount "66"]
[EventDate "2015.05.27"]
[EventType "k.o."]
[EventRounds "5"]
[EventCountry "ESP"]
[Source "lmi"]
[SourceDate "2015.05.27"]

1. d4 Nf6 2. c4 e6 3. Nc3 Bb4 4. f3 c5 5. d5 b5 6. e4 O-O 7. Bd3 bxc4 8. Bxc4
exd5 9. Bxd5 Nxd5 10. Qxd5 Nc6 11. Be3 Ba6 12. Nge2 Re8 13. Rd1 Ne5 14. Nc1 Bc4
15. Qd2 d5 16. a3 Bxc3 17. bxc3 Qe7 18. f4 Ng4 19. e5 f6 20. Nd3 fxe5 21. O-O
e4 22. Ne5 Nxe5 23. fxe5 Bxf1 24. Qxd5+ Qf7 25. Qxf7+ Kxf7 26. Rxf1+ Kg6 27.
Bf4 Rad8 28. Re1 Kf5 29. Rf1 Ke6 30. Re1 Rf8 31. Rxe4 g5 32. Bg3 Rd1+ 33. Be1
Rf5 0-1

[Event "Madrid ch 2015"]
[Site "Madrid ESP"]
[Date "2015.06.02"]
[Round "6.3"]
[White "Rubio Mejia, Luis Ignacio"]
[Black "Martin Duque, Jesus"]
[Result "1/2-1/2"]
[WhiteElo "2458"]
[BlackElo "2394"]
[PlyCount "107"]
[EventDate "2015.05.27"]
[EventType "k.o."]
[EventRounds "5"]
[EventCountry "ESP"]
[Source "lmi"]
[SourceDate "2015.05.27"]

1. d4 d5 2. c4 c6 3. Nf3 Nf6 4. e3 Bf5 5. Nc3 e6 6. Nh4 Bg6 7. Qb3 Qc7 8. Nxg6
hxg6 9. g3 Nbd7 10. Bg2 Be7 11. cxd5 exd5 12. Qc2 O-O 13. Bd2 Bd6 14. O-O-O b5
15. Kb1 b4 16. Na4 Nb6 17. Rc1 Nc4 18. Rhd1 Rac8 19. Be1 Rfe8 20. Bf1 Qa5 21.
Qb3 Qb5 22. Bxc4 dxc4 23. Rxc4 a5 24. Qc2 Nd5 25. b3 Bf8 26. Rc1 Re6 27. Bd2 f5
28. h3 Nf6 29. Nc5 Bxc5 30. Rxc5 Qa6 31. Qc4 Qxc4 32. R5xc4 Ne4 33. Be1 Rd6 34.
Kb2 Kf7 35. h4 Ke8 36. a3 bxa3+ 37. Kxa3 Kd7 38. R1c2 Rd5 39. f3 Nf6 40. Rc5
Rxc5 41. Rxc5 Re8 42. Bd2 Nd5 43. Rxa5 Nxe3 44. Ra7+ Kd6 45. Bb4+ Ke6 46. Rxg7
Nc2+ 47. Ka4 Ra8+ 48. Ba5 Nxd4 49. Rxg6+ Kd5 50. b4 c5 51. bxc5 Nc6 52. h5
Rxa5+ 53. Kb3 Rxc5 54. g4 1/2-1/2

[Event "Madrid ch 2015"]
[Site "Madrid ESP"]
[Date "2015.06.02"]
[Round "6.4"]
[White "Moreno Ruiz, Javier"]
[Black "Elissalt Cárdenas, Hector"]
[Result "1-0"]
[WhiteElo "2463"]
[BlackElo "2337"]
[PlyCount "85"]
[EventDate "2015.05.27"]
[EventType "k.o."]
[EventRounds "5"]
[EventCountry "ESP"]
[Source "lmi"]
[SourceDate "2015.05.27"]

1. d4 Nf6 2. c4 e6 3. Nc3 Bb4 4. e3 b6 5. Nge2 Bb7 6. a3 Bxc3+ 7. Nxc3 O-O 8.
d5 Qe7 9. Be2 d6 10. O-O c6 11. dxe6 fxe6 12. b3 c5 13. Bb2 Nc6 14. Qc2 Rad8
15. Rad1 d5 16. cxd5 exd5 17. Rfe1 Ne5 18. f3 Kh8 19. Bf1 Nh5 20. Qe2 Nf6 21.
Nb1 Rfe8 22. Qf2 Bc6 23. Nd2 a5 24. a4 Rd6 25. e4 d4 26. f4 Neg4 27. Qh4 Ne3
28. e5 Nxd1 29. Rxd1 Re6 30. exf6 Rxf6 31. Nc4 Qe4 32. Bc1 g5 33. Qf2 gxf4 34.
Bd3 Qe7 35. Bxf4 Ref8 36. g3 Qg7 37. Kf1 Qg4 38. Ke1 Rxf4 39. gxf4 Rxf4 40. Qg3
Qe6+ 41. Kd2 Qf6 42. Rg1 Bd5 43. Qg5 1-0

[Event "Madrid ch 2015"]
[Site "Madrid ESP"]
[Date "2015.06.05"]
[Round "7.1"]
[White "Candela Perez, Jose"]
[Black "Ortega Ruiz, Jose Miguel"]
[Result "1-0"]
[WhiteElo "2432"]
[BlackElo "2285"]
[PlyCount "45"]
[EventDate "2015.05.27"]
[EventType "k.o."]
[EventRounds "5"]
[EventCountry "ESP"]
[Source "lmi"]
[SourceDate "2015.05.27"]

1. d4 Nf6 2. c4 e6 3. Nf3 d5 4. Nc3 c6 5. Bg5 Nbd7 6. e3 Qa5 7. Nd2 Bb4 8. Qc2
O-O 9. Be2 b6 10. O-O Bxc3 11. Qxc3 Qxc3 12. bxc3 Ba6 13. Rfe1 dxc4 14. e4 b5
15. a4 Bb7 16. Reb1 c5 17. f3 cxd4 18. cxd4 c3 19. Nf1 a6 20. axb5 axb5 21.
Rxa8 Bxa8 22. Bxb5 Rc8 23. e5 1-0

[Event "Madrid ch 2015"]
[Site "Madrid ESP"]
[Date "2015.06.05"]
[Round "7.2"]
[White "Moreno Ruiz, Javier"]
[Black "Martin Duque, Jesus"]
[Result "1-0"]
[WhiteElo "2463"]
[BlackElo "2394"]
[PlyCount "147"]
[EventDate "2015.05.27"]
[EventType "k.o."]
[EventRounds "5"]
[EventCountry "ESP"]
[Source "lmi"]
[SourceDate "2015.05.27"]

1. d4 d5 2. c4 c6 3. Nc3 Nf6 4. e3 Bf5 5. cxd5 Nxd5 6. Nge2 Qa5 7. Ng3 Bg6 8.
Bd2 e6 9. Bc4 Qd8 10. O-O Be7 11. Bb3 h5 12. h3 Nd7 13. Rc1 a6 14. f4 Bd3 15.
Rf3 N7f6 16. Be1 Bh7 17. Bc2 Bxc2 18. Qxc2 Rc8 19. f5 Nb4 20. Qe2 h4 21. Nge4
e5 22. Rd1 Qc7 23. Nxf6+ gxf6 24. a3 Nd5 25. dxe5 Qxe5 26. e4 Bc5+ 27. Kh1 Nb6
28. Bd2 Nd7 29. Bf4 Qe7 30. Na4 Ne5 31. Bxe5 Qxe5 32. Nxc5 Qxc5 33. Qd2 Kf8 34.
Rd3 Rh5 35. Rd7 Re8 36. Rxb7 Rg5 37. Qd7 Rg7 38. Qd2 Kg8 39. Rb4 Qe5 40. Rd4
Kh7 41. Qe1 Rg3 42. b4 Reg8 43. Rd7 R8g7 44. Qe2 R3g5 45. Qf3 Qg3 46. Qxg3 Rxg3
47. R1d2 Rxa3 48. R7d6 Re3 49. Rxf6 Rxe4 50. Rdd6 Kg8 51. Rh6 Rg5 52. f6 Rge5
53. Rxc6 Re6 54. Rc8+ Re8 55. Rxe8+ Rxe8 56. Rxh4 Re1+ 57. Kh2 Rf1 58. Rg4+ Kh8
59. Kg3 Rxf6 60. Rf4 Rg6+ 61. Kf3 Rb6 62. Rxf7 Rxb4 63. Ra7 Ra4 64. g3 Kg8 65.
h4 a5 66. g4 Ra1 67. Kf4 a4 68. Kg5 a3 69. Kg6 Kf8 70. g5 a2 71. h5 Rb1 72.
Ra8+ Ke7 73. Rxa2 Rb6+ 74. Kg7 1-0